Statistics for "Linked Chain" Quiz

Click here to take the quiz!

General Stats

  • This quiz has been taken 215 times
  • The average score is 16 of 39

Answer Stats

Hint Answer % Correct
Shakespeare's Prince of DenmarkHamlet
99%
Continent where Djibouti is locatedAfrica
99%
Name for the dark areas on the sun.
99%
Continent where Djibouti is located.
99%
The first 24-hour all-news channel.
69%
The world's fastest land mammalCheetah
69%
The world's fastest land mammal.
69%
Name for the dark areas on the sunSunspots
69%
Largest U.S. state.
59%
The first 24-hour all-news channelCNN
59%
Jack _____ could eat no fat.
56%
Largest U.S. stateAlaska
56%
Premier international bicycle race.
45%
Jack _____ could eat no fatSprat
45%
Elvis Presley's Memphis home.
41%
Premier international bicycle raceTour de France
41%
Elvis Presley's Memphis homeGraceland
38%
Special theory of relativity.
38%
Tchaikovsky's "Christmas" balletThe Nutcracker
28%
Light-receptive area of the eyeball.
28%
Tchaikovsky's "Christmas" ballet.
28%
Special theory of relativityAlbert Einstein
28%
Unleavened bread used at Passover
27%
Author of The Divine ComedyDante Alighieri
27%
Chemical symbol for goldAu
24%
Light-receptive area of the eyeballRetina
24%
Nautical term for an onboard kitchen.
24%
Author of The Divine Comedy
24%
Surgical cutting instrument.
21%
Nautical term for an onboard kitchenGalley
21%
Chemical symbol for gold
20%
Fourth rock from the sun
20%
Fourth rock from the sunMars
20%
Michael Jackson's top selling album.
20%
Surgical cutting instrumentScalpel
20%
Michael Jackson's top selling albumThriller
20%
Common term for acetylsalicylic acid
16%
Unleavened bread used at PassoverMatzo
16%
Common term for acetylsalicylic acidAspirin
14%

Score Distribution

Percentile by Number Answered

Percent of People with Each Score

Your Score History

You have not taken this quiz